[Event "Pan American-ch School U15 12th"]
[Site "Callao"]
[Date "2023.10.20"]
[Round "8"]
[White "Ricaldi Ramos, Jim Sebastian"]
[Black "Alvarado Navarro, Dante Santiago"]
[Result "0-1"]
[WhiteElo "1249"]
[BlackElo "1503"]
[PlyCount "68"]
[EventDate "2023.10.16"]
[EventType "swiss"]
[EventRounds "9"]
[EventCountry "PER"]
[SourceTitle "Mega2024 Update 01"]
[Source "Chessbase"]
[SourceDate "2023.11.12"]
[SourceVersion "1"]
[SourceVersionDate "2023.11.12"]
[SourceQuality "1"]

1. d4 Nf6 2. Nf3 e6 3. e3 b6 4. Bd3 Bb7 5. Nbd2 Be7 6. 0-0 0-0 7. Qe2 d5 8. e4 dxe4 9. Nxe4 Nbd7 10. Bf4 c5 11. c3 cxd4 12. cxd4 Nxe4 13. Bxe4 Bxe4 14. Qxe4 Nf6 15. Qe2 Qd5 16. Qe5 Rac8 17. Qxd5 Nxd5 18. Bd2 Rc2 19. Rab1 h6 20. a3 Bf6 21. Rfd1 Rfc8 22. Ne5 R8c7 23. Kf1 g5 24. Ke1 Bxe5 25. dxe5 R2c4 26. f3 g4 27. Kf2 gxf3 28. gxf3 Kh7 29. Rbc1 Rc2 30. Ke1 Rxb2 31. Rxc7 Nxc7 32. Bc1 Rc2 33. Bd2 Nb5 34. Ra1 Nd4 0-1

[Event "South America-ch U14 17th"]
[Site "Guayaquil"]
[Date "2022.01.28"]
[Round "6"]
[White "Garzon Zapatanga, Christopher Leonel"]
[Black "Alvarado Navarro, Dante Santiago"]
[Result "1-0"]
[WhiteElo "1918"]
[BlackElo "1503"]
[PlyCount "45"]
[EventDate "2022.01.25"]
[EventType "swiss"]
[EventRounds "9"]
[EventCountry "ECU"]
[SourceTitle "CBM 206 Extra"]
[Source "ChessBase"]
[SourceDate "2022.03.31"]
[SourceVersion "1"]
[SourceVersionDate "2022.03.31"]
[SourceQuality "1"]

1. e4 e6 2. d4 d5 3. e5 c5 4. c3 Nc6 5. Nf3 Qb6 6. Bd3 cxd4 7. cxd4 Bd7 8. 0-0 Nxd4 9. Nbd2 Nxf3+ 10. Nxf3 Bc5 11. b4 Qxb4 12. Rb1 Qa5 13. Rxb7 Bc6 14. Rb1 Ne7 15. Bd2 Qc7 16. Qc2 Bb6 17. Bb4 Qd7 18. Rfc1 Rc8 19. Qe2 Ng6 20. Ba6 Bb7 21. Bb5 Bc6 22. Qc2 Ne7 23. Bxe7 1-0

[Event "South America-ch U14 17th"]
[Site "Guayaquil"]
[Date "2022.01.26"]
[Round "3"]
[White "Chilan Villa, Andres Jesus"]
[Black "Alvarado Navarro, Dante Santiago"]
[Result "1-0"]
[WhiteElo "1782"]
[BlackElo "1503"]
[PlyCount "95"]
[EventDate "2022.01.25"]
[EventType "swiss"]
[EventRounds "9"]
[EventCountry "ECU"]
[SourceTitle "CBM 206 Extra"]
[Source "ChessBase"]
[SourceDate "2022.03.31"]
[SourceVersion "1"]
[SourceVersionDate "2022.03.31"]
[SourceQuality "1"]

1. d4 Nf6 2. Nf3 e6 3. g3 b6 4. Bg2 Bb7 5. 0-0 Be7 6. c4 c5 7. d5 exd5 8. Nh4 0-0 9. cxd5 d6 10. Nc3 Nbd7 11. e4 Re8 12. Nf5 Ba6 13. Re1 Bf8 14. Qa4 Bd3 15. Bf4 c4 16. Nxd6 Nc5 17. Qc6 Bxd6 18. e5 Bxe5 19. Bxe5 Rc8 20. Bxf6 Rxe1+ 21. Rxe1 gxf6 22. Qb5 a6 23. Qb4 Qd6 24. Nd1 b5 25. Qc3 Na4 26. Qd4 Nb6 27. h4 Rd8 28. h5 f5 29. g4 Nd7 30. g5 Nc5 31. h6 f6 32. gxf6 Ne4 33. f7+ Kxf7 34. Qg7+ Ke8 35. f3 Qxd5 36. fxe4 Qd4+ 37. Qxd4 Rxd4 38. exf5+ Kf7 39. Nc3 Bxf5 40. Be4 Bxe4 41. Rxe4 Rd6 42. Rh4 Kg6 43. Rh2 Kf5 44. Kf1 Kg4 45. Ke2 Kg3 46. Rh5 Kg4 47. Rh1 Kf4 48. a3 1-0

[Event "South America-ch U14 17th"]
[Site "Guayaquil"]
[Date "2022.01.25"]
[Round "1"]
[White "Poma Jimbo, Roddy Joseph"]
[Black "Alvarado Navarro, Dante Santiago"]
[Result "0-1"]
[WhiteElo "1095"]
[BlackElo "1503"]
[PlyCount "106"]
[EventDate "2022.01.25"]
[EventType "swiss"]
[EventRounds "9"]
[EventCountry "ECU"]
[SourceTitle "CBM 206 Extra"]
[Source "ChessBase"]
[SourceDate "2022.03.31"]
[SourceVersion "1"]
[SourceVersionDate "2022.03.31"]
[SourceQuality "1"]

1. g3 d5 2. Bg2 c6 3. d3 Bf5 4. Nd2 Nf6 5. Ngf3 e6 6. 0-0 h6 7. c3 Be7 8. Re1 0-0 9. b4 a5 10. Qb3 axb4 11. cxb4 Na6 12. Ba3 Qb6 13. Rab1 Qa7 14. b5 Nc5 15. Bxc5 Bxc5 16. e3 Bh7 17. Rb2 Ba3 18. Rc2 c5 19. e4 c4 20. dxc4 dxe4 21. Ne5 e3 22. Rxe3 Bxc2 23. Qxc2 Bc5 24. Re2 Qxa2 25. Nb3 Qxc2 26. Rxc2 Bd6 27. Nf3 Ra3 28. Nfd2 b6 29. Nd4 Bc5 30. N2b3 Bxd4 31. Nxd4 Rd8 32. Nf3 Ne4 33. h4 Rc3 34. Rxc3 Nxc3 35. Ne5 Rd4 36. Bf1 Ne4 37. Nf3 Rd1 38. Kg2 Rc1 39. Bd3 Nd6 40. Ne5 f6 41. Nd7 Nxc4 42. Bxc4 Rxc4 43. Nxb6 Rc5 44. Na8 Rxb5 45. Nc7 Rb6 46. f4 Kf7 47. g4 g6 48. Kf3 f5 49. gxf5 gxf5 50. Ke3 Ke7 51. Kd4 Kd7 52. Ke5 Ke7 53. Kd4 Kd6 0-1

[Event "ECU-ch Schools U15 Clas2"]
[Site "Chess.com INT"]
[Date "2020.11.07"]
[Round "4"]
[White "Alvarado Navarro, Dante Santiago"]
[Black "Cajamarca Gordillo, Sebastian Alejandro"]
[Result "1-0"]
[WhiteElo "1409"]
[BlackElo "1224"]
[PlyCount "53"]
[EventDate "2020.11.07"]
[EventType "swiss"]
[EventRounds "9"]
[EventCountry "ECU"]
[SourceTitle "EXT 2022"]
[Source "ChessBase"]
[SourceDate "2021.10.06"]
[SourceVersion "1"]
[SourceVersionDate "2021.10.06"]
[SourceQuality "1"]

1. d4 Nf6 2. Nf3 d6 3. Bf4 Nbd7 4. h3 g6 5. e3 Bg7 6. Be2 0-0 7. 0-0 c5 8. c3 b6 9. Nbd2 Bb7 10. Rc1 Rc8 11. Qb3 Bd5 12. c4 Bb7 13. d5 a6 14. Nb1 Re8 15. Nc3 Nh5 16. Bh2 Ne5 17. Nxe5 Bxe5 18. Bxe5 dxe5 19. Bxh5 gxh5 20. Qd1 Qd6 21. Qxh5 Qg6 22. Qxe5 e6 23. Ne4 Kf8 24. Nf6 Re7 25. Ng4 f5 26. Qh8+ Kf7 27. Ne5# 1-0

[Event "ECU-ch Schools U15 Clas1"]
[Site "Chess.com INT"]
[Date "2020.11.05"]
[Round "3"]
[White "Alvarado Navarro, Dante Santiago"]
[Black "Garzon Zapatanga, Christopher Leonel"]
[Result "0-1"]
[WhiteElo "1409"]
[BlackElo "1697"]
[PlyCount "94"]
[EventDate "2020.11.05"]
[EventType "swiss"]
[EventRounds "9"]
[EventCountry "ECU"]
[SourceTitle "EXT 2022"]
[Source "ChessBase"]
[SourceDate "2021.10.06"]
[SourceVersion "1"]
[SourceVersionDate "2021.10.06"]
[SourceQuality "1"]

1. d4 Nf6 2. Nf3 g6 3. Bf4 Bg7 4. h3 0-0 5. e3 d6 6. Be2 Nbd7 7. 0-0 c5 8. c3 b6 9. Na3 Bb7 10. Qb3 Rc8 11. Rac1 Re8 12. Ng5 Rf8 13. Rfd1 h6 14. Nf3 Qc7 15. Nb5 Qb8 16. Na3 a6 17. Bh2 Qa7 18. c4 Rfd8 19. d5 Nf8 20. Nb1 Qa8 21. Nc3 Rd7 22. Na4 Qa7 23. Nxb6 Rb8 24. Nxd7 N8xd7 25. Qc2 Qb6 26. Rb1 a5 27. b3 Bc8 28. Ne1 Qc7 29. Nd3 Nf8 30. Bf3 g5 31. Qe2 Ng6 32. Qe1 g4 33. hxg4 Bxg4 34. Bxg4 Nxg4 35. Bg3 h5 36. Qe2 Qd7 37. f3 Nxe3 38. Re1 Nf5 39. Bf2 h4 40. Qe4 Ng3 41. Bxg3 hxg3 42. Kf1 Bd4 43. Nf4 Ne5 44. Ne2 Bf2 45. Red1 Kg7 46. f4 Ng4 47. Rd3 Nh2# 0-1

[Event "Pan American-ch School U11"]
[Site "Medellin"]
[Date "2019.11.17"]
[Round "9.2"]
[White "Pianchiche Acero, Miyamu Nillu"]
[Black "Alvarado Navarro, Dante Santiago"]
[Result "1-0"]
[WhiteElo "1267"]
[BlackElo "1377"]
[PlyCount "54"]
[EventDate "2019.11.12"]
[EventType "swiss"]
[EventRounds "9"]
[EventCountry "COL"]
[SourceTitle "EXT 2024"]
[Source "ChessBase"]
[SourceDate "2023.10.10"]
[SourceVersion "1"]
[SourceVersionDate "2023.10.10"]
[SourceQuality "1"]

1. c4 c6 2. d4 d5 3. Nc3 Nf6 4. Nf3 dxc4 5. e3 Bf5 6. Bxc4 e6 7. 0-0 Be7 8. Re1 h6 9. e4 Bh7 10. Qb3 b5 11. Bd3 a6 12. Qc2 0-0 13. Bf4 Nh5 14. Bg3 Nd7 15. b3 Rc8 16. a3 c5 17. d5 Nxg3 18. hxg3 b4 19. Na4 a5 20. dxe6 fxe6 21. Bc4 Rf6 22. Rad1 Qc7 23. axb4 axb4 24. Qb2 Kh8 25. Qe2 e5 26. Rxd7 Qxd7 27. Nb6 Qc7 1-0